000 00407nam a2200157 i 4500
001 73130
003 ES-MaACL
005 20230906171659.0
007 t|
008 040907s1969 sp ||||1| spa d
100 1 _aGómez Casas, Juan.
_957863
245 1 3 _aEl apocalipsis /
_cJuan Gómez Casas.
260 _a[Madrid :
_bZero,
_c1969]
300 _a81 p. ;
_c17 cm.
852 _aES-MaACL
_jC-40510
_bR.71619
999 _c73130
_d73130